000 00632cam a2200229 4500
008 090401t1989 xxu||||| |||| 00| 0 eng d
020 _a0854064249
035 _a(Sirsi) u48940
041 _aeng
050 _a711.4025
090 _aRICS 1989/78ABCD
110 _aRoyal Institution of Chartered Surveyors
_94900
245 _aDirectory of planning and development consultants
250 _a2nd ed.
260 _aLondon
_bRoyal Institution of Chartered Surveyors
_c1989
300 _aiii,88p. ; 21cm.
350 _a0
650 _aABOUT RICS-RICS MEMBERS
650 _aDIRECTORIES
942 _n0
948 _c04/03/1997
999 _c92438
_d92438